000 00242nam a2200109Ia 4500
008 190216s9999||||xx |||||||||||||| ||und||
100 _aAsha Rani Vohra
245 0 _aHindi-Main Insa Mili
260 _bAgarwal
650 _aHindi
942 _cBK
999 _c15558
_d15558